| 000 | 01201nam a2200337 a 4500 | ||
|---|---|---|---|
| 001 | 000109674 | ||
| 003 | CHAP | ||
| 005 | 20220329144059.0 | ||
| 008 | 140519s2014 mx sm |||||||spa d | ||
| 010 | _a106136 | ||
| 011 | _a107108 | ||
| 040 | _cCHAP | ||
| 090 | _aTesis | ||
| 100 | 1 |
_aMagdaleno Aguilar, Selene _9127133 |
|
| 245 | 1 | 0 |
_aRegionalización agroecológica en el municipio de Yurécuaro Michoacán _h[En línea] _cpor Selene Magdaleno Aguilar. |
| 260 |
_aChapingo, Méx. : _bEl autor, _c2014. |
||
| 500 | _aPara ver el contenido del material haga clic en la liga | ||
| 502 | _aTesis (Ing. en Recursos Naturales Renovables) -- UACH. Departamento de Suelos | ||
| 590 |
_aBATCH-UPD _b10 _c20141002 _lUCH01 _h0904 |
||
| 590 |
_aE11695DGD _b10 _c20140529 _lUCH01 _h1030 |
||
| 590 |
_aE6096MTM _b05 _c20140519 _lUCH01 _h1403 |
||
| 590 |
_aE6096MTM _b05 _c20140519 _lUCH01 _h1405 |
||
| 650 | 1 | 4 |
_aAgricultura _xMichoacán. _91743 |
| 650 | 1 | 4 |
_aClima _xMichoacán. _923834 |
| 650 | 1 | 4 |
_aEcología agrícola. _935165 |
| 650 | 1 | 4 |
_aRegionalización _xChiapas. _995664 |
| 856 |
_aFinding aid _uhttp://10.13.5.2/tesis/sist109674.pdf _zTeclea aquí |
||
| 901 | _aBK | ||
| 942 | _cTESIS | ||
| 942 | _n0 | ||
| 999 |
_c106136 _d106136 |
||